| 000 | 00955nam a22002417a 4500 | ||
|---|---|---|---|
| 999 |
_c11598 _d11598 |
||
| 003 | AR-CdUCM | ||
| 008 | 190404b ||||| |||| 00| 0 spa d | ||
| 040 |
_aMUNICIPALIDAD PROVINCIAL DEL CUSCO _cBIBLIOTECA MUNICIPAL DEL CUSCO |
||
| 041 | _heng | ||
| 082 |
_a617 / _bS75 / 1940 |
||
| 100 |
_aSpivack, Julio L. _929037 |
||
| 245 | _atécnica quirúrgica en las operaciones abdominales / | ||
| 260 |
_aMexico, D. F, : _bHispano-Americano, _c1940. |
||
| 300 |
_a738 páginas ; _bIlustraciones, _c27 cm. |
||
| 505 | _aContenido: Generalidades en técnica operatoria del abdomen -- Anatomía de los intestinos delgados y gruesos, situación intestinal -- Métodos para saturar la pared gástrica y la entérica ... | ||
| 650 |
_aTécnica quirúrgica _929038 |
||
| 650 |
_aOperación _929039 |
||
| 650 |
_aMedicina _93637 |
||
| 650 |
_aSalud _98684 |
||
| 700 |
_aCarrera, Oscar G. (traducción) _929040 |
||
| 942 |
_2ddc _cLIBROS |
||
| 945 |
_aacv _d04/04/2019 |
||